MDQL
is popping MORE tags! Check the
thread
!
Quizzes
Events
Quiz Creation
Community
Videos
Private Events
Remove Ads
Sign In
Join for FREE
Feedback
Dark Mode
Quiz Categories
Sports
Geography
Music
Movies
Television
Just For Fun
Miscellaneous
History
Literature
Language
Science
Gaming
Entertainment
Religion
Holiday
For Kids
Quiz Lab
Recent
Popular Today
Quiz Kudos Today
Editor Picks
Curator Picks
Quizzes by...
Day
Popularity
Type
Ratings
Length
Year
Community
Subscriptions
Recent Discussions
Orange Saloon
Badges
Playlists
Quests
Create
Leaderboards
Showdown
Live 5
Trivia Bingo
Activity
Puzzle Library
Sporcle Events
Private Events
Virtual Trivia
Globe League
Become a Host
Pub Owners
SporcleCon
Opinionation
Our Games
Videos
Blog
Mobile Apps
Partnerships
Remove Ads and Go Orange
Feedback
Language
Vocabulary
Begins and Ends
Definition
Spanish
French
German
Italian
Chinese
Latin
Translation
Japanese
Language
Vocabulary
Begins and Ends
Definition
Spanish
French
German
Italian
Chinese
Latin
Translation
Japanese
Random Quiz
Search Sporcle
×
Quiz Lab
Quiz Lab
Language
Capital
Type in answers that appear in a list
Type in answers that appear in a list
Classic
Best Score? Go Orange.
Literal Geography Stats
Can you guess the country by the literal English translation of one of its features??
By
PedroLoureno
4m
20 Questions
160 Plays
160 Plays
160 Plays
Comments
Comments
Give Quiz Kudos
Give Quiz Kudos
-
- Ratings
hide this ad
Forced Order
Answers have to be entered in order
Answers have to be entered in order
Random Order
Randomize order of answers
Randomize order of answers
Replay
Link that replays current quiz
Next Quiz
Link to next quiz in quiz playlist
You Got
0%
They Got
Avg Score
39%
Avg Friend Score
Upgrade to see
Score Distribution
Jump to the score distribution portion of the page
Score
0/20
Timer
04:00
0
Plays Today
Hint
Country
% Correct
This country has long disputed with Morocco the control of a small islet literally called 'parsley'
Spain
72.5%
This country's second largest city is literally called 'river of January'
Brazil
62.5%
This country is literally called 'rich coast'.
Costa Rica
60%
The most populous city in this country is literally called 'white house'
Morocco
53.8%
The southernmost region of this country is literally called 'land of fire'
Chile
53.1%
The north-
eastern border of this country is defined by the literally called 'river of silver'
Argentina
52.5%
The second largest island of this African nation is literally called 'prince'
Sao Tome and Principe
48.8%
The main island of this small nation is literally called 'trinity'
Trinidad and Tobago
46.9%
One of this nation's national parks is literally called 'big boobs'
United States
46.3%
The capital of this country is literally called 'wind corner'
Namibia
37.5%
Hint
Country
% Correct
A stretch of the north-
west coast of this country is literally called 'eighty mile beach'
Australia
35.6%
The sixth most populous city and former capital of this country is literally called 'capital'
Japan
35.6%
The most famous landmark in this country's capital is literally called 'citadel'
Russia
31.9%
The north-
westernmost island of this European nation is literally called 'raven'
Portugal
30.6%
The capital of this island nation is literally called 'beach'
Cape Verde
28.1%
The most famous national park in this European country is literally called 'white tower'
Poland
20.6%
The capital of this desert nation is literally called 'place of winds'
Mauritania
20.6%
One of the most famous soccer stadiums in this country is literally nicknamed 'the tub'
Netherlands
16.9%
The highest mountain in this country is literaly called 'shining mountain'
Tanzania
13.8%
The capital of this country is literally called 'victorious deed'
Indonesia
13.1%
Quiz Playlist
Details
Report
Send in Message
Add To Playlist
Classic:
Type in answers that appear in a list
Forced Order:
Answers have to be entered in order
Random Order:
Randomize order of answers
Last Updated: Feb 16, 2017
Quiz Scoreboard
CHALLENGE
Sign Up to Join the Scoreboard
Show All
Scores
Hide
Comments
May contain spoilers
Recently Published
1-10 Letter E Words III
by El_Dandy
Language
2m
Street Fighter Characters
by Artimus82
Gaming
60s
College Basketball Coaching Resumes
by pancakes188
Sports
9m
More to Explore
Quiz From the Vault
Featured Blog Post
Where Did the Easter Bunny Come From?
hide this ad
You Might Also Like...
Tags
Capital Quiz
City Quiz
Country Quiz
island
mountains
multi-language
National Geography
Today's Top Quizzes in Language
Browse Language
hide this ad
Today's Top Quizzes in Capital
Browse Capital
Top Contributed Quizzes in Language
1
1-10 Letter F Words III
2
1-10 Letter G Words III
3
1-10 Letter H Words III
4
Celtic Nations in their Language
5
Alphabetize! : 'As' words
6
1-10 Letter I Words III
7
One Thing in Common: Italy
8
1-10 Letter J Words III
9
Order Up: Top 10 Most Native Spoken Languages
10
Weisst du, aus welchen Sprachen diese Wörter stammen?
Explore More
Trending Topics
NBA
Crossword
Harry Potter
Kpop
Disney
Anime
Marvel
Country
The Office
Pokémon
NFL
WWE
Song
Puzzle
Soccer
hide this ad
More By:
PedroLoureno
Quiz
Plays
Rating
Category
Featured
Created
Missing Word: Animals in Movie Titles II
10,210
4.49
Just For Fun
Jul 1, 2015
Pick the country: European curiosities
833
4.62
Geography
Mar 26, 2018
LOTR crossword
688
4.67
Literature
Jun 5, 2020
Mankind Bunker
667
5.00
History
Jul 30, 2015
Portugal: True or False
660
5.00
Geography
May 1, 2018
Go to Creator's Profile
Score Distribution
Quiz Creator Spotlight
PedroLoureno
Follow
Send a Message
Quizzes Created
-
Created Quiz Play Count
-
More By This Creator
Popular Quizzes Today
1
Find the US States - No Outlines Minefield
2
Find the Countries of Europe - No Outlines Minefield
3
The Countries of the World
4
Find the US States
5
Risky Map Clicking: Biggest States A-Z
6
US States
7
Popular People in 1961
8
Movies - When Are They Set?
More Language Quizzes
Add a 'C'
Curator's Pick
Trending Quizzes
Risky Map Clicking: Least Populous States A-Z
1-10 Letter G Words
USA Borders Longest to Shortest
1-10 Letter F Words
Countries of the World: 200 Million BC
Recently Updated
Leaping Animals
pecheneg
Reality TV Shows (A-Z)
bhenderson79
Rickey Henderson's Hall of Fame Teammates
pecheneg
Champions League XIs: Arsenal
pecheneg
Quick Pick: Celebrities in WWE's Hall of Fame
aduchscher
A-Z Keypad Blitz II
pecheneg
Multiple Oscar Actors
pecheneg
Mystery Phrase Blitz: Oscar 'Best Actors'
pecheneg
F. Scott Fitzgerald Novels
LTH
Pick 3 Villains
ddd62291
Trending Topics
Crossword
Anime
Kpop
Harry Potter
Disney
NBA
Marvel
NFL
Country
Song
Soccer
WWE
The Office
Puzzle
Pokémon
Your Account Isn't Verified!
In order to create a playlist on Sporcle, you need to verify the email address you used during registration. Go to your
Sporcle Settings
to finish the process.
Report this User
Report this user for behavior that violates our
Community Guidelines
.
Details:
Send Report
Go to the Sporcle.com Mobile Site →
Comments